书目信息 |
| 题名: |
集成电路版图设计
|
|
| 作者: | 余华 , 师建英 编著 | |
| 分册: | ||
| 出版信息: | 北京 清华大学出版社 2016.4 |
|
| 页数: | 185页 | |
| 开本: | 26cm | |
| 丛书名: | 高等学校电子信息类专业系列教材 | |
| 单 册: | ||
| 中图分类: | TN405 , TN402 | |
| 科图分类: | ||
| 主题词: | 集成电路工艺--教材 , 集成电路--电路设计--教材 | |
| 电子资源: | ||
| ISBN: | 978-7-302-42846-6 | |
| 000 | 01371oam2 2200313 450 | |
| 001 | 0400004683 | |
| 005 | 20171024153832.0 | |
| 010 | @a978-7-302-42846-6@dCNY36.00 | |
| 100 | @a20160429d2016 em y0chiy50 ea | |
| 101 | 0 | @achi |
| 102 | @aCN@b110000 | |
| 105 | @aak z 000yy | |
| 106 | @ar | |
| 200 | 1 | @a集成电路版图设计@9ji cheng dian lu ban tu she ji@b专著@dIC layout design@f余华,师建英编著@zeng |
| 210 | @a北京@c清华大学出版社@d2016.4 | |
| 215 | @a185页@c图@d26cm | |
| 225 | 2 | @a高等学校电子信息类专业系列教材 |
| 300 | @a教育部高等学校电子信息类专业教学指导委员会规划教材 | |
| 330 | @a本书以Tanner版图设计软件为基础,讲述了集成电路版图设计基础及软件L-Edit、T-Spice及W-Edit的使用方法,给出了大量集成电路单元版图设计实例。全书共分4章,第1章介绍了集成电路版图设计基础与L-Edit使用方法; 第2章讲解了集成电路基本器件、标准单元、特殊单元及宏单元电路的版图设计实例及设计方法; 第3章讲述了版图寄生参数提取及后仿真方法,介绍了T-Spice的使用方法及应用实例; 第4章介绍了版图后仿真W-Edit软件的使用方法及应用实例。 | |
| 461 | 0 | @12001 @a高等学校电子信息类专业系列教材 |
| 510 | 1 | @aIC layout design@zeng |
| 606 | 0 | @a集成电路工艺@j教材 |
| 606 | 0 | @a集成电路@x电路设计@j教材 |
| 690 | @aTN405@v5 | |
| 690 | @aTN402@v5 | |
| 701 | 0 | @a余华@9Yu Hua@4编著 |
| 701 | 0 | @a师建英@9shi jian ying@4编著 |
| 801 | 0 | @aCN@b91MARC@c20171024 |
| 905 | @b1038820-4@dTN405@f5@e158 | |
| 集成电路版图设计=IC layout design/余华,师建英编著.-北京:清华大学出版社,2016.4 |
| 185页:图;26cm.-(高等学校电子信息类专业系列教材) |
| 教育部高等学校电子信息类专业教学指导委员会规划教材 |
| ISBN 978-7-302-42846-6:CNY36.00 |
| 本书以Tanner版图设计软件为基础,讲述了集成电路版图设计基础及软件L-Edit、T-Spice及W-Edit的使用方法,给出了大量集成电路单元版图设计实例。全书共分4章,第1章介绍了集成电路版图设计基础与L-Edit使用方法; 第2章讲解了集成电路基本器件、标准单元、特殊单元及宏单元电路的版图设计实例及设计方法; 第3章讲述了版图寄生参数提取及后仿真方法,介绍了T-Spice的使用方法及应用实例; 第4章介绍了版图后仿真W-Edit软件的使用方法及应用实例。 |
| ● |
| 相关链接 |
|
|
|
|
正题名:集成电路版图设计
索取号:TN405/158
 
预约/预借
| 序号 | 登录号 | 条形码 | 馆藏地/架位号 | 状态 | 备注 |
| 1 | 1038820 | 210388203 | 第二样本阅览室/ [索取号:TN405/158] | 在馆 | |
| 2 | 1038821 | 210388212 | 密集书库-物理学院/ [索取号:TN405/158] | 在馆 | |
| 3 | 1038822 | 210388221 | 第三借阅区/ [索取号:TN405/158] | 在馆 | |
| 4 | 1038823 | 210388230 | 第三借阅区/ [索取号:TN405/158] | 在馆 | |
| 5 | 1038824 | 210388249 | 第三借阅区/ [索取号:TN405/158] | 在馆 |